| 000 | 01250nam a2200337 a 4500 | ||
|---|---|---|---|
| 001 | ebr10231110 | ||
| 003 | CaPaEBR | ||
| 006 | m u | ||
| 007 | cr cn||||||||| | ||
| 008 | 720118s1966 mnu sb 000 0 eng d | ||
| 010 | _z 65012433 | ||
| 015 | _aGB66-16763 | ||
| 020 | _z9780816603787 | ||
| 020 | _z9780816664603 | ||
| 040 |
_aCaPaEBR _cCaPaEBR |
||
| 035 | _a(OCoLC)233187155 | ||
| 050 | 1 | 4 |
_aK376 _b.S76 1966eb |
| 082 | 0 | 4 | _a340 |
| 100 | 1 |
_aStone, Julius, _d1907-1985. |
|
| 245 | 1 | 0 |
_aLaw and the social sciences in the second half century _h[electronic resource]. |
| 260 |
_aMinneapolis : _bUniversity of Minnesota Press, _c[1966] |
||
| 300 | _a121 p. | ||
| 504 | _aBibliographical references included in "Notes" (p. [87]-114). | ||
| 533 |
_aElectronic reproduction. _bPalo Alto, Calif. : _cebrary, _d2013. _nAvailable via World Wide Web. _nAccess may be limited to ebrary affiliated libraries. |
||
| 650 | 0 | _aSociological jurisprudence. | |
| 650 | 0 | _aJudicial process. | |
| 650 | 0 | _aLaw and the social sciences. | |
| 655 | 7 |
_aElectronic books. _2local |
|
| 710 | 2 | _aebrary, Inc. | |
| 856 | 4 | 0 |
_uhttp://site.ebrary.com/lib/rucke/Doc?id=10231110 _zAn electronic book accessible through the World Wide Web; click to view |
| 999 |
_c39509 _d39509 |
||